000 00623cam a22002173a 4500
001 45228
003 PGUSA
005 20140828084032.0
008 140326s2014||||xxu|||||s|||||000 | eng d
040 _aPGUSA
_beng
042 _adc
100 1 _aWedekind, Frank,
_d1864-1918
245 1 0 _aSuch is Life :
_bA Play in Five Acts
_h[electronic resource] /
_cFrank Wedekind
260 _bProject Gutenberg,
_c2014
506 _aPublic domain in the USA.
516 _aElectronic text
700 1 _aZiegler, Francis J.
830 0 _aProject Gutenberg
_v45228
856 4 0 _uhttp://www.gutenberg.org/ebooks/45228
942 _cEB
999 _c274479
_d274479